Central Library OPAC University of Rajshahi

Beyond management : (Record no. 73549)

MARC details
000 -LEADER
fixed length control field 00818nam a2200265 a 4500
001 - CONTROL NUMBER
control field 73549
003 - CONTROL NUMBER IDENTIFIER
rucl marc code BD-RjUL
005 - DATE AND TIME OF LATEST TRANSACTION
control field 20211209082417.0
008 - FIXED-LENGTH DATA ELEMENTS--GENERAL INFORMATION
fixed length control field 170604s1981 ii a b 000 0 eng d
020 ## - INTERNATIONAL STANDARD BOOK NUMBER
Terms of availability Rs48.00
035 ## - SYSTEM CONTROL NUMBER
System control number (BD-RjUL)73767
040 ## - CATALOGING SOURCE
Original cataloging agency DLC
Transcribing agency DLC
Modifying agency DLC
-- OCoLC
-- BD-RjUL
Language of cataloging eng
041 ## - LANGUAGE CODE
Language code of text/sound track or separate title eng
082 00 - DEWEY DECIMAL CLASSIFICATION NUMBER
Edition number 23
Classification number 658.3
Author mark and year PAB 1981
100 1# - MAIN ENTRY--PERSONAL NAME
Personal name Pareek, Udai
Dates associated with a name 1925-
9 (RLIN) 217629
245 10 - TITLE STATEMENT
Title Beyond management :
Remainder of title essays on the processes of institution building /
Statement of responsibility, etc. Udai Pareek.
260 ## - PUBLICATION, DISTRIBUTION, ETC. (IMPRINT)
Place of publication, distribution, etc. New Delhi :
Name of publisher, distributor, etc. Oxford & IBH,
Date of publication, distribution, etc. c1981.
300 ## - PHYSICAL DESCRIPTION
Pagination xvi, 175 p. :
Illustrations ill. ;
Size 23 cm.
504 ## - BIBLIOGRAPHY, ETC. NOTE
Bibliography, etc Bibliography: p. 171-175.
650 #0 - SUBJECT ADDED ENTRY--TOPICAL TERM
Topical term or geographic name as entry element Organizational behavior
9 (RLIN) 217630
Topical term or geographic name as entry element Institution building.
9 (RLIN) 217634
Topical term or geographic name as entry element Personnel management
9 (RLIN) 218050
942 ## - ADDED ENTRY ELEMENTS (KOHA)
Source of classification or shelving scheme Dewey Decimal Classification
Koha item type Books
Holdings
Lost status Source of classification or shelving scheme Damaged status Not for loan Collection code Permanent Location Current Location Shelving location Date acquired Source of acquisition Cost, normal purchase price Total Checkouts Full call number Date last seen Copy number Koha item type
  Dewey Decimal Classification   Not For Loan Non-fiction Central Library, University of Rajshahi Central Library, University of Rajshahi Reading Room 07/07/1982 Aligorh library, Rajshahi 144.00   658.3 PAB 1981 04/06/2017 C-1 Books